| 000 | 01302naa a22003737a 4500 | ||
|---|---|---|---|
| 001 | BR7604043 | ||
| 003 | BR-BrBNA | ||
| 005 | 20240918173919.0 | ||
| 007 | ta | ||
| 008 | 230509b bl.||||| |||| 00| 0 por d | ||
| 040 |
_aBR-BrBNA _bpor _cBiblioteca Nacional de Agricultura |
||
| 041 | _a(Pt) | ||
| 072 |
_aF30; F40 _b1123 |
||
| 090 | _aF30 BR7604043 | ||
| 100 | 1 | _aFerreira, F.R. | |
| 100 | 1 | _aVallini, P.C. | |
| 100 | 1 | _aRuggiero, C. | |
| 100 | 1 | _aLam-Sanchez, A. | |
| 100 | 1 | _aOliveira, J.C. | |
| 111 | 1 |
_a3. Congresso Brasileiro de Fruticultura _cRio de Janeiro, RJ (Brazil) _d14 Jul 1975 |
|
| 245 | 1 | _aCorrelacoes fenotipicas entre diversas caracteristicas do fruto do maracuja amarelo (Passiflora edulis flavicarga Deg.) | |
| 260 | 3 |
_aCampinas, SP (Brasil): _c1976. |
|
| 500 | _aAnais do 3. Congresso Brasileiro de Fruticultura Campinas, SP (Brasil): 1976. v. 2 p. 481-489 (BR7604043-AM)F30 | ||
| 650 | _aMARACUJA AMARELO | ||
| 650 | _aCRUZAMENTO VEGETAL | ||
| 650 | _aFENOTIPO | ||
| 650 | _aGERMINACAO | ||
| 650 | _aPLANTIO | ||
| 650 | _aFRUTA | ||
| 650 | _aESTRUTURA VEGETAL | ||
| 773 | 0 |
_tAnais do 3. Congresso Brasileiro de Fruticultura _wF30 BR7604043 _gCampinas, SP (Brasil), 1976. v. 2 p. 481-489 |
|
| 909 |
_a202404 _bLucia _c55 _dLucia Elande |
||
| 942 |
_cAM _2AGRIS |
||
| 999 |
_c307659 _d307659 |
||